CONCISE COMMENTARY ON THE BHARATIYA NAGARIK SURAKSHA SANHITA, 2023 (Record no. 216641)

MARC details
000 -LEADER
fixed length control field 00459nam a22001577a 4500
008 - FIXED-LENGTH DATA ELEMENTS--GENERAL INFORMATION
fixed length control field 260225b |||||||| |||| 00| 0 eng d
020 ## - INTERNATIONAL STANDARD BOOK NUMBER
International Standard Book Number 978-81-19403-75-2
100 ## - MAIN ENTRY--PERSONAL NAME
Personal name SAXENA, NAMIT
245 ## - TITLE STATEMENT
Title CONCISE COMMENTARY ON THE BHARATIYA NAGARIK SURAKSHA SANHITA, 2023
260 ## - PUBLICATION, DISTRIBUTION, ETC.
Place of publication, distribution, etc. HARYANA
Name of publisher, distributor, etc. LEXISNEXIS
Date of publication, distribution, etc. 2024
300 ## - PHYSICAL DESCRIPTION
Extent CX, 464P.
500 ## - GENERAL NOTE
General note INCLUDES SUBJECT INDEX
650 ## - SUBJECT ADDED ENTRY
Topical term or geographic name entry element CRIMINAL PROCEDURE -INDIA
942 ## - ADDED ENTRY ELEMENTS (KOHA)
Source of classification or shelving scheme Library of Congress Classification
Koha item type Long Loan Book
Holdings
Withdrawn status Lost status Source of classification or shelving scheme Damaged status Not for loan Collection Home library Current library Shelving location Date acquired Inventory number Total checkouts Full call number Barcode Date last seen Copy number Price effective from Koha item type
    Library of Congress Classification     Law Kisii University Library Kisii University Library On Display 02/25/2026 111481   KNC 856 .S29 2024 A001186 02/25/2026 1 02/25/2026 Long Loan Book
    Library of Congress Classification     Law Kisii University Library Kisii University Library On Display 02/25/2026 111482   KNC 856 .S29 2024 A001189 02/25/2026 2 02/25/2026 Long Loan Book
    Library of Congress Classification     Law Kisii University Library Kisii University Library On Display 02/25/2026 111483   KNC 856 .S29 2024 A001185 02/25/2026 3 02/25/2026 Long Loan Book
    Library of Congress Classification     Law Kisii University Library Kisii University Library On Display 02/25/2026 111484   KNC 856 .S29 2024 A001184 02/25/2026 4 02/25/2026 Long Loan Book